Curso de Direito Processual do Trabalho Processo de Execuȯ̂ Processo Cautelar Procedimentos Especiais, Vol. III /

Detalles Bibliográficos
Autor principal: Teixeira Filho, Manoel Antonio
Formato: Libro
Publicado: Sô Paulo LTR Editora 2009
Materias:
Acceso en línea:Acceso restringido

MARC

LEADER 00000nam a22000007a 4500
005 20151006100612.0
007 cr|||| ||
008 151006s2009 bl ||||| |||| 00||0 bl d
020 |a 978-85-361-1820-8 
035 |a 12837 
040 |a vLex 
090 |c 5572  |d 5572 
100 1 |a Teixeira Filho, Manoel Antonio  
245 1 0 |a Curso de Direito Processual do Trabalho   |h [Recurso electrn̤ico] :  |b Processo de Execuȯ̂ Processo Cautelar Procedimentos Especiais,   |n Vol. III /  |c Teixeira Filho  
256 |a Servicio en ln̕ea  
260 |a Sô Paulo   |b LTR Editora  |c 2009 
300 |a 1 recurso electrn̤ico 
500 |a Esta coleȯ̂, Curso de Direito Processual do Trabalho, ̌a maior, melhor, mais completa e atual obra do Prof. Manoel Antonio Teixeira Filho e est ̀dividida em trs̊ volumes, a saber: Volume I - Processo de Conhecimento 1, compreendendo temas de Teoria Geral do Processo; Volume II - Processo de Conhecimento 2, contendo temas objetivos; Volume III - enfeixando o Processo de Execuȯ̂, o Processo Cautelar e os Procedimentos Especiais. 
506 1 |a Contenido solo disponible en los productos indicados  |d vLex Global  |d vLex Global (Academic Edition, excluding Law Schools)  |d vLex Global (U.S. Academic Edition, Law Schools)  |d vLex Global (U.S. Academic Edition, excluding Law Schools)  |d vLex Global (Academic Edition, Law Schools) 
650 0 4 |a Derecho procesal  |z Sô Paulo 
740 0 |a vLex libros (servicio en ln̕ea) 
856 4 0 |u http://vlex.com/source/curso-de-direito-processual-do-trabalho-vol-iii-processo-de-execu-o-processo-cautelar-procedimentos-especiais-12837  |z Acceso restringido 
942 |c BOOK 
999 0 |a Procedure (Law)